| 000 | 01405nam0a22002531 4500 | ||
|---|---|---|---|
| 001 | rc\735455 | ||
| 005 | 20250622113211.0 | ||
| 035 | _a(NLR Aleph) 006265565 | ||
| 090 |
_a6894486 _c6894486 |
||
| 100 | _a20040301d1985 |||y0rusy50 ca | ||
| 101 | 0 | _arus | |
| 102 | _aRU | ||
| 105 | _ay ||||||||| | ||
| 200 | 1 |
_aПроблемы безопасности применения пестицидов в личных подсобных хозяйствах _fЛ.В. Селиванова, С.С. Кукаленко, Т.К. Никитенко и др. |
|
| 210 |
_aМ. _cНИИТЭХИМ _d1985 |
||
| 215 |
_a64 с. _d20 |
||
| 225 | 1 |
_aХимическая промышленность и промышленность по производству минеральных удобрений _iСерия "Обзоры по важнейшим научным и научно-техническим проблемам, предусмотренным пятилетним планом развития народного хозяйства" _eОбзор. информ. _fМ-во хим. пром-сти, М-во по пр-ву минер. удобрений. НИИ техн.-экон. исслед. _vВып. 2 (16) |
|
| 320 | _aБиблиогр.: с. 57-62 | ||
| 701 | 1 |
_aСеливанова _bЛ.В. |
|
| 801 | 0 |
_aRU _bNLR _gpsbo |
|
| 801 | 1 |
_aRU _bELAR _2rusmarc |
|
| 852 |
_aNLR _jП10/5572 |
||
| 942 | _cBOOK | ||
| 980 | _aNB | ||